[Event "Chess24 Banter Blitz Cup"]
[Site "chess24.com INT"]
[Date "2019.10.07"]
[Round "1.10"]
[White "Mareco, Sandro"]
[Black "Maze, Sebastien"]
[Result "0-1"]
[WhiteTitle "GM"]
[BlackTitle "GM"]
[WhiteElo "2634"]
[BlackElo "2547"]
[WhiteFideId "112275"]
[BlackFideId "613762"]
[EventDate "2019.09.25"]
[EventType "blitz"]

1. d4 Nf6 2. Nf3 g6 3. Bg5 Bg7 4. Nbd2 O-O 5. e4 d6 6. c3 c5 7. dxc5 dxc5 8. Bc4
Nc6 9. O-O Qc7 10. Qc2 Nd7 11. Rfe1 Nde5 12. Bf1 Bg4 13. Nxe5 Nxe5 14. h3 Be6
15. Rad1 Rfd8 16. Be3 c4 17. Bd4 b5 18. Bxe5 Bxe5 19. Nf3 a6 20. Nxe5 Qxe5 21.
Rd2 Rxd2 22. Qxd2 g5 23. Rd1 h6 24. Qd4 f6 25. Qb6 Qxe4 26. a4 Kf7 27. axb5 axb5
28. Qxb5 h5 29. Qb4 g4 30. hxg4 hxg4 31. b3 g3 32. Bxc4 gxf2+ 33. Kf1 Ra2 34.
Bxe6+ Qxe6 35. Qc4 Qxc4+ 36. bxc4 Rc2 37. Rd3 e5 38. Rf3 Ke6 39. Rxf2 Rxc3 40.
Ra2 Rxc4 41. Ra6+ Kf5 42. Ke2 Kg5 43. Kf3 f5 44. Re6 Rc3+ 45. Ke2 e4 46. g3 Rd3
47. Kf2 Rf3+ 48. Kg2 Rb3 49. Re5 Rb2+ 50. Kh3 Rb3 51. Rd5 Rd3 52. Re5 e3 53. g4
e2+ 54. Kg2 Kxg4 55. Rxe2 f4 56. Re4 Kf5 57. Kf1 Rf3+ 58. Ke2 Kxe4 0-1

[Event "Chess24 Banter Blitz Cup"]
[Site "chess24.com INT"]
[Date "2019.10.07"]
[Round "1.11"]
[White "Maze, Sebastien"]
[Black "Mareco, Sandro"]
[Result "1/2-1/2"]
[WhiteTitle "GM"]
[BlackTitle "GM"]
[WhiteElo "2547"]
[BlackElo "2634"]
[WhiteFideId "613762"]
[BlackFideId "112275"]
[EventDate "2019.09.25"]
[EventType "blitz"]

1. Nf3 Nf6 2. c4 e6 3. e3 d5 4. b3 a6 5. Bb2 c5 6. cxd5 exd5 7. d4 Nc6 8. Be2
Bd6 9. O-O O-O 10. dxc5 Bxc5 11. Nd4 Bd6 12. Nd2 Re8 13. Rc1 Ne5 14. N2f3 Ng6
15. Bd3 Ne4 16. Ne2 Bg4 17. Ng3 Nh4 18. Be2 Bxf3 19. Bxf3 Nxf3+ 20. Qxf3 Be5 21.
Bxe5 Rxe5 22. Rfd1 Qe7 23. Nxe4 dxe4 24. Qh3 g6 25. Rd7 Qa3 26. Rcd1 Qxa2 27.
Rxf7 Kxf7 28. Qxh7+ Kf6 29. Rd6+ Re6 30. Qh4+ Kf7 31. Qh7+ Kf6 32. Qh4+ Kf7 33.
Qh7+ Kf6 1/2-1/2

[Event "Chess24 Banter Blitz Cup"]
[Site "chess24.com INT"]
[Date "2019.10.07"]
[Round "1.12"]
[White "Mareco, Sandro"]
[Black "Maze, Sebastien"]
[Result "0-1"]
[WhiteTitle "GM"]
[BlackTitle "GM"]
[WhiteElo "2634"]
[BlackElo "2547"]
[WhiteFideId "112275"]
[BlackFideId "613762"]
[EventDate "2019.09.25"]
[EventType "blitz"]

1. d4 Nf6 2. Nf3 g6 3. g3 Bg7 4. Bg2 O-O 5. O-O d6 6. c4 c6 7. Nc3 Qa5 8. Bd2
Qa6 9. Qb3 Nbd7 10. Rfd1 Nb6 11. c5 Be6 12. Qc2 Nbd5 13. cxd6 exd6 14. a3 Nxc3
15. Bxc3 Bd5 16. Ne1 Bxg2 17. Nxg2 Rfe8 18. Nf4 Bh6 19. d5 Bxf4 20. Bxf6 Rxe2
21. Qc3 Be5 22. Bxe5 dxe5 23. d6 Rd8 24. Rd2 Rxd2 25. Qxd2 c5 26. Rd1 Qc6 27. d7
f6 28. b4 c4 29. b5 Qc5 30. Qa5 b6 31. Qxa7 c3 32. Qb7 c2 33. Rc1 Qxb5 34. Rxc2
Qb1+ 35. Kg2 Qxc2 36. Qxb6 Rxd7 37. Qe6+ Rf7 38. Qe8+ Kg7 0-1

[Event "Chess24 Banter Blitz Cup"]
[Site "chess24.com INT"]
[Date "2019.10.07"]
[Round "1.13"]
[White "Maze, Sebastien"]
[Black "Mareco, Sandro"]
[Result "0-1"]
[WhiteTitle "GM"]
[BlackTitle "GM"]
[WhiteElo "2547"]
[BlackElo "2634"]
[WhiteFideId "613762"]
[BlackFideId "112275"]
[EventDate "2019.09.25"]
[EventType "blitz"]

1. Nf3 Nf6 2. c4 e6 3. b3 d5 4. Bb2 c5 5. e3 Nc6 6. cxd5 exd5 7. Bb5 Bd6 8. d4
O-O 9. Bxc6 bxc6 10. dxc5 Bxc5 11. O-O Bd6 12. Nc3 Bg4 13. Rc1 Rc8 14. Ne2 Re8
15. Ng3 h6 16. Qd4 c5 17. Qd2 Ne4 18. Qxd5 Bxg3 19. Qxd8 Bxf2+ 20. Rxf2 Rcxd8
21. Rfc2 Bf5 22. Ne5 f6 23. Nc4 Ng5 24. Rf2 Bd3 25. Na5 Rxe3 26. Nb7 Rd5 27.
Nxc5 Rxc5 0-1

[Event "Chess24 Banter Blitz Cup"]
[Site "chess24.com INT"]
[Date "2019.10.07"]
[Round "1.14"]
[White "Mareco, Sandro"]
[Black "Maze, Sebastien"]
[Result "1-0"]
[WhiteTitle "GM"]
[BlackTitle "GM"]
[WhiteElo "2634"]
[BlackElo "2547"]
[WhiteFideId "112275"]
[BlackFideId "613762"]
[EventDate "2019.09.25"]
[EventType "blitz"]

1. Nf3 Nf6 2. c4 g6 3. Nc3 Bg7 4. e4 d6 5. d4 O-O 6. Be2 Na6 7. O-O e5 8. Be3 c6
9. d5 Ng4 10. Bg5 f6 11. Bh4 c5 12. Nd2 h5 13. h3 Nh6 14. a3 Nf7 15. Rb1 Bh6 16.
b4 b6 17. Nb5 Bg5 18. Bg3 Bf4 19. Rb3 Kg7 20. Re1 Rh8 21. Nf1 h4 22. Bh2 Bxh2+
23. Nxh2 Ng5 24. Bg4 f5 25. exf5 gxf5 26. Be2 Nh7 27. f4 e4 28. Qd2 Nf6 29. Nf1
Kh6 30. Ne3 Rg8 31. Kh2 Rg3 32. Reb1 Qe7 33. Nf1 Rg7 34. Qe1 Nh7 35. g4 hxg3+
36. Rxg3 Bd7 37. Rxg7 Kxg7 38. Rb3 Kh8 39. Rg3 Qf6 40. Ne3 Rg8 41. Rxg8+ Kxg8
42. Nxa7 Nf8 43. Nc6 Ng6 44. Qg3 Kf7 45. Bh5 Bxc6 46. dxc6 Nc7 47. Nd5 Nxd5 48.
Qxg6+ Ke7 49. Qe8# 1-0

[Event "Chess24 Banter Blitz Cup"]
[Site "chess24.com INT"]
[Date "2019.10.07"]
[Round "1.15"]
[White "Maze, Sebastien"]
[Black "Mareco, Sandro"]
[Result "1/2-1/2"]
[WhiteTitle "GM"]
[BlackTitle "GM"]
[WhiteElo "2547"]
[BlackElo "2634"]
[WhiteFideId "613762"]
[BlackFideId "112275"]
[EventDate "2019.09.25"]
[EventType "blitz"]

1. e4 e5 2. Nf3 Nc6 3. Bb5 a6 4. Ba4 Nf6 5. Nc3 b5 6. Bb3 Be7 7. d3 Bb7 8. a4
Na5 9. Ba2 b4 10. Ne2 d5 11. exd5 Bxd5 12. Bxd5 Qxd5 13. O-O O-O 14. Ng3 Rfe8
15. b3 c5 16. Bb2 Nc6 17. Nd2 Bf8 18. Nc4 Nd7 19. Re1 Re6 20. Qg4 Rae8 21. Qe4
Nf6 22. Qxd5 Nxd5 23. Ne4 Nd4 24. Bxd4 exd4 25. Kf1 h6 26. Ned2 f5 27. Rxe6 Rxe6
28. Re1 Rxe1+ 29. Kxe1 Kf7 30. g3 Ke6 31. f4 g5 32. fxg5 hxg5 33. Kf2 Bh6 34.
Nf3 g4 35. Nh4 Be3+ 36. Kf1 f4 37. gxf4 Bxf4 38. Kg2 Ne3+ 39. Nxe3 dxe3 40. Kf1
Bxh2 41. Ng2 Kf5 42. Nxe3+ Kf4 43. Nc4 Kf5 44. Kg2 Bf4 45. Nb6 Ke5 46. a5 Kd4
47. Na4 Bc7 48. Kf2 Bxa5 49. Kg3 Bc7+ 50. Kxg4 Bd6 51. Kf5 Ke3 52. Ke6 Bf8 53.
Kd5 Kd2 54. Nxc5 Kxc2 55. d4 a5 56. Kc4 Bxc5 57. dxc5 a4 58. bxa4 b3 59. c6 b2
60. c7 b1=Q 61. c8=Q Qb3+ 62. Kd4+ Kd2 63. Qc4 Qe3+ 64. Kd5 Qg5+ 65. Kc6 Qf6+
66. Kb5 Qe5+ 67. Qc5 Qb8+ 68. Qb6 Qe5+ 69. Ka6 Qe2+ 70. Qb5 Qe6+ 71. Qb6 Qe2+
72. Kb7 Qe7+ 73. Qc7 Qb4+ 74. Qb6 Qxa4 75. Qd6+ Kc3 76. Qc6+ Qxc6+ 77. Kxc6 1/2-1/2

[Event "Chess24 Banter Blitz Cup"]
[Site "chess24.com INT"]
[Date "2019.10.07"]
[Round "1.16"]
[White "Mareco, Sandro"]
[Black "Maze, Sebastien"]
[Result "1/2-1/2"]
[WhiteTitle "GM"]
[BlackTitle "GM"]
[WhiteElo "2634"]
[BlackElo "2547"]
[WhiteFideId "112275"]
[BlackFideId "613762"]
[EventDate "2019.09.25"]
[EventType "blitz"]

1. d4 Nf6 2. Nf3 g6 3. Bg5 Bg7 4. Nbd2 O-O 5. e4 d6 6. c3 c5 7. dxc5 dxc5 8. Bc4
Nc6 9. O-O Qc7 10. Re1 Nd7 11. Be2 Nde5 12. Qc2 Be6 13. Be3 b6 14. h3 Rfd8 15.
Rad1 h6 16. Nxe5 Nxe5 17. f4 Nc6 18. f5 Bc8 19. fxg6 fxg6 20. Bc4+ Kh7 21. Nf3
Bb7 22. Bd5 Ne5 23. Nxe5 Bxe5 24. Rf1 Rf8 25. Qd2 Bg7 26. Bf4 Qc8 27. Bxb7 Qxb7
28. Qd7 Qxe4 29. Rde1 Qf5 30. Rxe7 Qxd7 31. Rxd7 Rae8 32. Rxa7 Re2 33. Rxg7+
Kxg7 34. Bxh6+ Kxh6 35. Rxf8 Rxb2 36. a4 Rb3 37. Rb8 Rxc3 38. Rxb6 Ra3 39. Rc6
Rxa4 40. Rxc5 g5 41. Kh2 Ra3 42. Rf5 Rd3 43. Rf3 Rxf3 44. gxf3 Kg6 45. Kg3 Kh5
46. f4 gxf4+ 47. Kxf4 Kh4 48. Kf5 Kxh3 1/2-1/2

[Event "Chess24 Banter Blitz Cup"]
[Site "chess24.com INT"]
[Date "2019.10.07"]
[Round "1.1"]
[White "Cori, Jorge"]
[Black "Aagaard, Jacob"]
[Result "1/2-1/2"]
[WhiteTitle "GM"]
[BlackTitle "GM"]
[WhiteElo "2671"]
[BlackElo "2473"]
[WhiteFideId "3802272"]
[BlackFideId "1401815"]
[EventDate "2019.09.25"]
[EventType "blitz"]

1. e4 c5 2. Nf3 Nc6 3. Bb5 Na5 4. Be2 e6 5. d3 b5 6. O-O d6 7. Nc3 b4 8. Na4 Bd7
9. c3 bxc3 10. bxc3 Nf6 11. Rb1 Be7 12. e5 Nd5 13. c4 Nb6 14. Nc3 O-O 15. exd6
Bxd6 16. Ne4 Be7 17. Be3 Rc8 18. Qd2 Nb7 19. Ne5 Be8 20. f4 f6 21. Nf3 h6 22. h3
f5 23. Nf2 Nd6 24. Rfe1 Nf7 25. Qa5 Qc7 26. Bf1 Bd7 27. Bd2 Bd6 28. d4 Rfe8 29.
Nd3 Nxc4 30. Qxc7 Bxc7 31. dxc5 Nxd2 32. Nxd2 Rb8 33. Nc4 Bb5 34. Nce5 Nxe5 35.
Nxe5 Bxf1 36. Kxf1 Bxe5 37. fxe5 Rec8 38. Rxb8 Rxb8 39. Rd1 Rc8 40. Rd6 Rxc5 41.
Rxe6 Ra5 42. Re7 Rxa2 43. Rb7 f4 44. e6 Kf8 45. Rf7+ Kg8 46. Rb7 Kf8 47. Rf7+
Kg8 48. Rc7 Kf8 49. Rf7+ 1/2-1/2

[Event "Chess24 Banter Blitz Cup"]
[Site "chess24.com INT"]
[Date "2019.10.07"]
[Round "1.2"]
[White "Aagaard, Jacob"]
[Black "Cori, Jorge"]
[Result "1/2-1/2"]
[WhiteTitle "GM"]
[BlackTitle "GM"]
[WhiteElo "2473"]
[BlackElo "2671"]
[WhiteFideId "1401815"]
[BlackFideId "3802272"]
[EventDate "2019.09.25"]
[EventType "blitz"]

1. e4 c5 2. Nf3 Nc6 3. d4 cxd4 4. Nxd4 e5 5. Nb5 d6 6. N1c3 a6 7. Na3 b5 8. Nd5
Nf6 9. Bg5 Be7 10. Bxf6 Bxf6 11. c3 O-O 12. Nc2 Rb8 13. g3 Be6 14. Bg2 Be7 15.
O-O Qd7 16. Qd3 Rfd8 17. Rfd1 Bf8 18. b4 h6 19. a4 bxa4 20. Qxa6 Ra8 21. Qd3 Qb7
22. b5 Ne7 23. c4 Rdc8 24. Ncb4 Qa7 25. Ra3 Qc5 26. Bf1 Bxd5 27. Nxd5 Nxd5 28.
cxd5 Be7 29. Rda1 Bd8 30. Rxa4 Rxa4 31. Rxa4 Bb6 32. Qe2 Qc1 33. Rc4 Rxc4 34.
Qxc4 Qxc4 35. Bxc4 g6 36. Kg2 Kg7 37. f4 f6 38. Kf3 Kf7 39. h4 Kg7 40. Kg4 h5+
41. Kf3 Kh6 42. g4 hxg4+ 43. Kxg4 Kg7 44. f5 g5 45. hxg5 fxg5 46. Kxg5 Be3+ 47.
Kh5 Kf6 48. Be2 Bb6 49. Kg4 Bc7 50. Kh5 Bb6 51. Kg4 Bc7 52. Kh5 Bb6 1/2-1/2

[Event "Chess24 Banter Blitz Cup"]
[Site "chess24.com INT"]
[Date "2019.10.07"]
[Round "1.3"]
[White "Cori, Jorge"]
[Black "Aagaard, Jacob"]
[Result "1-0"]
[WhiteTitle "GM"]
[BlackTitle "GM"]
[WhiteElo "2671"]
[BlackElo "2473"]
[WhiteFideId "3802272"]
[BlackFideId "1401815"]
[EventDate "2019.09.25"]
[EventType "blitz"]

1. d4 Nf6 2. c3 d5 3. Bg5 c6 4. Nf3 Bf5 5. e3 Nbd7 6. Nbd2 e6 7. Qb3 Qb6 8. Be2
Be7 9. O-O Ne4 10. Bxe7 Qxb3 11. axb3 Kxe7 12. b4 Nxd2 13. Nxd2 a6 14. f3 Bg6
15. Kf2 Rhe8 16. h4 h6 17. g4 Kd6 18. f4 Kc7 19. h5 Bh7 20. Rg1 Rg8 21. g5 Bf5
22. Nf3 Raf8 23. Rg3 Be4 24. Rag1 Bxf3 25. Bxf3 Rh8 26. Ke2 b5 27. Kd2 Kb6 28.
Be2 a5 29. bxa5+ Kxa5 30. Rf1 Kb6 31. f5 exf5 32. Rxf5 hxg5 33. Rgxg5 g6 34.
hxg6 fxg6 35. Rxf8 Rxf8 36. Rxg6 Nf6 37. Bf3 Ne8 38. Bxd5 Nf6 39. Bg2 Ka5 40.
Bxc6 b4 41. Kd3 bxc3 42. bxc3 Kb6 43. Bg2 1-0

[Event "Chess24 Banter Blitz Cup"]
[Site "chess24.com INT"]
[Date "2019.10.07"]
[Round "1.4"]
[White "Aagaard, Jacob"]
[Black "Cori, Jorge"]
[Result "1/2-1/2"]
[WhiteTitle "GM"]
[BlackTitle "GM"]
[WhiteElo "2473"]
[BlackElo "2671"]
[WhiteFideId "1401815"]
[BlackFideId "3802272"]
[EventDate "2019.09.25"]
[EventType "blitz"]

1. d4 d5 2. Nf3 c6 3. c4 e6 4. e3 Nf6 5. Bd3 Be7 6. O-O O-O 7. Nbd2 Nbd7 8. e4
dxe4 9. Nxe4 Nxe4 10. Bxe4 Nf6 11. Bc2 c5 12. b3 b6 13. Bb2 Bb7 14. Ne5 cxd4 15.
Qxd4 Qxd4 16. Bxd4 Rfd8 17. Rfd1 Kf8 18. f3 h6 19. Kf1 Ke8 20. a4 Bb4 21. Ke2
Nh5 22. Be3 Bc3 23. Nd3 Bxa1 24. Rxa1 Nf6 25. a5 Nd7 26. b4 Rac8 27. Bb3 Rc7 28.
axb6 axb6 29. c5 bxc5 30. Nxc5 Nxc5 31. Bxc5 Rcc8 32. Ra7 Rd7 33. Ba4 Bc6 34.
Bxc6 Rxc6 35. Ra8+ Rd8 36. Ra7 Rd7 37. Ra8+ Rd8 38. Ra7 Rdc8 39. Re7+ Kf8 40.
Rd7+ Ke8 41. Re7+ Kf8 42. Rd7+ Kg8 43. Kd3 Rxc5 44. bxc5 Rxc5 45. h3 g5 46. Ke3
Rf5 47. Kf2 Kg7 48. Ra7 Kg6 49. Ra8 Rd5 50. Kg3 h5 51. Kh2 h4 52. Kg1 Kf5 53.
Rf8 f6 54. Kh2 e5 55. Kg1 Rd6 56. Kh2 Kf4 57. Kg1 f5 58. Kh2 Rd2 59. Rf7 Re2 60.
Rf8 Rd2 61. Rf7 Rd6 62. Rf8 Rd1 63. Rf7 Rd2 64. Rf8 Rc2 65. Rf7 Rd2 66. Rf8 Rc2
67. Rf7 Rd2 1/2-1/2

[Event "Chess24 Banter Blitz Cup"]
[Site "chess24.com INT"]
[Date "2019.10.07"]
[Round "1.5"]
[White "Cori, Jorge"]
[Black "Aagaard, Jacob"]
[Result "1-0"]
[WhiteTitle "GM"]
[BlackTitle "GM"]
[WhiteElo "2671"]
[BlackElo "2473"]
[WhiteFideId "3802272"]
[BlackFideId "1401815"]
[EventDate "2019.09.25"]
[EventType "blitz"]

1. d4 Nf6 2. c4 e6 3. Nf3 d5 4. Nc3 a6 5. cxd5 exd5 6. Bf4 Bd6 7. Bxd6 Qxd6 8.
e3 O-O 9. Be2 Bf5 10. Qb3 Nbd7 11. O-O c6 12. Rfc1 Rfc8 13. h3 h6 14. a3 Rab8
15. Qb4 Qxb4 16. axb4 Nb6 17. b3 Ne8 18. Na4 Nd7 19. Nc5 Nf8 20. g4 Bh7 21. Ne5
Nd6 22. f3 Rd8 23. Kf2 f6 24. Ned3 Kf7 25. h4 Ke7 26. g5 hxg5 27. hxg5 fxg5 28.
Rg1 Kf6 29. Ne5 Rbc8 30. Rg2 Ra8 31. Rag1 b6 32. Ncd3 Bxd3 33. Bxd3 Ne6 34. Rc1
a5 35. bxa5 Rxa5 36. Rxc6 Ra2+ 37. Kg3 Rxg2+ 38. Kxg2 b5 39. Rb6 Nf7 40. Ng4+
Ke7 41. Rxb5 Rc8 42. Rxd5 Rc3 43. Bg6 Nd6 44. Re5 Kd7 45. d5 Nc5 46. Rxg5 Rxb3
47. Kg3 Rb2 48. Bh7 Ke8 49. Rxg7 Rb3 50. Rc7 1-0

[Event "Chess24 Banter Blitz Cup"]
[Site "chess24.com INT"]
[Date "2019.10.07"]
[Round "1.6"]
[White "Aagaard, Jacob"]
[Black "Cori, Jorge"]
[Result "1-0"]
[WhiteTitle "GM"]
[BlackTitle "GM"]
[WhiteElo "2473"]
[BlackElo "2671"]
[WhiteFideId "1401815"]
[BlackFideId "3802272"]
[EventDate "2019.09.25"]
[EventType "blitz"]

1. e4 c5 2. Nf3 Nc6 3. d4 cxd4 4. Nxd4 e5 5. Nb5 d6 6. N1c3 a6 7. Na3 b5 8. Nd5
Nf6 9. Bg5 Be7 10. Bxf6 Bxf6 11. c3 O-O 12. Nc2 Be6 13. a4 bxa4 14. Rxa4 a5 15.
Bc4 Rb8 16. b3 Bg5 17. h4 Bh6 18. Ra2 Kh8 19. Qe2 f5 20. exf5 Bxf5 21. Nce3 Bd7
22. g3 Ne7 23. O-O Nxd5 24. Bxd5 Qb6 25. Rd1 Rxf2 26. Kxf2 Rf8+ 27. Kg2 Bxe3 28.
Rf1 Rxf1 29. Qxf1 Qd8 30. Qf7 Bb6 31. b4 a4 32. c4 h6 33. b5 Qc8 34. Rxa4 Bh3+
35. Kh2 1-0

[Event "Chess24 Banter Blitz Cup"]
[Site "chess24.com INT"]
[Date "2019.10.07"]
[Round "1.7"]
[White "Cori, Jorge"]
[Black "Aagaard, Jacob"]
[Result "1-0"]
[WhiteTitle "GM"]
[BlackTitle "GM"]
[WhiteElo "2671"]
[BlackElo "2473"]
[WhiteFideId "3802272"]
[BlackFideId "1401815"]
[EventDate "2019.09.25"]
[EventType "blitz"]

1. d4 Nf6 2. Nf3 g6 3. c4 Bg7 4. e3 O-O 5. Nc3 c5 6. d5 e6 7. Be2 d6 8. O-O exd5
9. cxd5 a6 10. a4 Re8 11. Qb3 Nbd7 12. h3 Rb8 13. Bd2 Qc7 14. Rab1 Nb6 15. a5
Na8 16. Qa2 Bd7 17. Rfc1 Qd8 18. b4 cxb4 19. Rxb4 Nc7 20. Rcb1 Qc8 21. Bf1 Bf5
22. Nd4 Bxb1 23. Qxb1 Ncxd5 24. Rc4 Nxc3 25. Rxc3 Qd7 26. Rb3 Ne4 27. Bb4 Nc5
28. Rb2 Qc7 29. Rd2 b6 30. Qa2 bxa5 31. Bxa5 Qb7 32. Rd1 Ne4 33. Bc4 Rf8 34. Bd5
Qb2 35. Qxb2 Rxb2 36. Bxe4 Ra2 37. Bb4 a5 38. Bxd6 Re8 39. Bd5 Rb2 40. Ba3 Rb6
41. Rc1 a4 42. Rc7 Rd8 43. Bxf7+ Kh8 44. g3 Bf8 45. Bxf8 Rxf8 46. Ra7 a3 47. Bd5
Rb1+ 48. Kg2 Rb2 49. Ne6 Rfxf2+ 50. Kg1 h5 51. Ng5 Rg2+ 52. Bxg2 a2 53. Rh7+ Kg8
54. Bd5+ Kf8 55. Bxa2 Rxa2 56. Rf7+ Kg8 57. Rf2 Ra5 58. Kg2 Rxg5 59. Rf4 Re5 60.
Kf3 Kg7 61. Rd4 Rc5 62. h4 Kh6 63. Rf4 Re5 64. Rd4 Rf5+ 65. Ke2 Re5 66. Rf4 Re6
67. Rf3 Re5 68. Kf2 Re4 69. Rf4 Re5 70. Rd4 Rc5 71. Ke2 1-0

[Event "Chess24 Banter Blitz Cup"]
[Site "chess24.com INT"]
[Date "2019.10.07"]
[Round "1.8"]
[White "Aagaard, Jacob"]
[Black "Cori, Jorge"]
[Result "1/2-1/2"]
[WhiteTitle "GM"]
[BlackTitle "GM"]
[WhiteElo "2473"]
[BlackElo "2671"]
[WhiteFideId "1401815"]
[BlackFideId "3802272"]
[EventDate "2019.09.25"]
[EventType "blitz"]

1. e4 c5 2. Nf3 Nc6 3. d4 cxd4 4. Nxd4 e5 5. Nb5 d6 6. N1c3 a6 7. Na3 b5 8. Nd5
Nf6 9. Bg5 Be7 10. Bxf6 Bxf6 11. c3 O-O 12. Nc2 Be6 13. a4 bxa4 14. Rxa4 a5 15.
Bc4 Rb8 16. b3 Bg5 17. h4 Bh6 18. Ra2 Kh8 19. Qe2 f5 20. exf5 Bxf5 21. Nce3 Bd7
22. g3 Ne7 23. Nxe7 Qxe7 24. Rxa5 Bxe3 25. Qxe3 Bc6 26. O-O Rf3 27. Qd2 Rbf8 28.
Bd5 Bxd5 29. Qxd5 Rxc3 30. Ra8 Rcc8 31. Rfa1 h6 32. Rxc8 Rxc8 33. Ra8 Rxa8 34.
Qxa8+ Kh7 35. Qd5 Qc7 36. b4 Qc1+ 37. Kg2 Qb1 38. b5 e4 39. Qc6 e3 40. fxe3 Qa2+
41. Kf3 Qf7+ 42. Kg2 Qa2+ 43. Kh3 Qe6+ 44. Kg2 Qxe3 45. b6 Qe2+ 46. Kh3 h5 47.
b7 Qg4+ 48. Kh2 Qe2+ 49. Qg2 Qb5 50. Qc2+ g6 51. Qc7+ Kh6 52. b8=Q Qe2+ 53. Kg1
Qe1+ 54. Kg2 Qe2+ 55. Kg1 Qe1+ 56. Kg2 Qe2+ 57. Kg1 1/2-1/2

[Event "Chess24 Banter Blitz Cup"]
[Site "chess24.com INT"]
[Date "2019.10.07"]
[Round "1.9"]
[White "Cori, Jorge"]
[Black "Aagaard, Jacob"]
[Result "0-1"]
[WhiteTitle "GM"]
[BlackTitle "GM"]
[WhiteElo "2671"]
[BlackElo "2473"]
[WhiteFideId "3802272"]
[BlackFideId "1401815"]
[EventDate "2019.09.25"]
[EventType "blitz"]

1. d4 Nf6 2. Nf3 g6 3. Bg5 Bg7 4. c3 O-O 5. Nbd2 d6 6. e3 c5 7. Be2 Nc6 8. O-O
Qb6 9. Nc4 Qc7 10. d5 Nb8 11. a4 h6 12. Bxf6 exf6 13. Rc1 f5 14. b4 b6 15. Re1
Nd7 16. h3 Nf6 17. Na3 a6 18. Qb3 Ne4 19. b5 a5 20. c4 Qe7 21. Nb1 Qf6 22. Nbd2
Bd7 23. Qc2 Rae8 24. Bd3 Nxd2 25. Nxd2 f4 26. Ne4 Qe5 27. exf4 Qxf4 28. g3 Qf3
29. Re3 Qh5 30. Bf1 Bd4 31. Ree1 Bf5 32. g4 Bxe4 33. Rxe4 Qh4 34. Rxe8 Rxe8 35.
Bg2 Qg5 36. Rf1 Qf4 37. Qd3 Re5 38. Qe3 Rxe3 0-1

[Event "Chess24 Banter Blitz Cup"]
[Site "chess24.com INT"]
[Date "2019.10.07"]
[Round "1.10"]
[White "Aagaard, Jacob"]
[Black "Cori, Jorge"]
[Result "1/2-1/2"]
[WhiteTitle "GM"]
[BlackTitle "GM"]
[WhiteElo "2473"]
[BlackElo "2671"]
[WhiteFideId "1401815"]
[BlackFideId "3802272"]
[EventDate "2019.09.25"]
[EventType "blitz"]

1. e4 c5 2. Nf3 Nc6 3. d4 cxd4 4. Nxd4 e5 5. Nb5 d6 6. N1c3 a6 7. Na3 b5 8. Nd5
Nf6 9. Bg5 Be7 10. Bxf6 Bxf6 11. c3 O-O 12. Nc2 Be6 13. a4 bxa4 14. Rxa4 a5 15.
Bc4 Rb8 16. b3 Bg5 17. h4 Bh6 18. Qe2 Kh8 19. g3 Ne7 20. O-O Bxd5 21. exd5 f5
22. Rfa1 f4 23. Rxa5 fxg3 24. fxg3 Nf5 25. Kg2 Nxg3 26. Kxg3 Rf4 27. Rh1 Qf6 28.
Ne1 Rf8 29. Ra2 Qg6+ 30. Kh3 Qf5+ 31. Kg3 Re4 32. Qf3 Re3 33. Rf1 Bf4+ 34. Kg2
Rxf3 35. Nxf3 Qg4+ 36. Kh1 Qh3+ 37. Nh2 Qxh4 38. Rg2 g5 39. Be2 Qh3 40. Rf3 Qh4
41. c4 Ra8 42. Rf1 Ra3 43. b4 Rc3 44. c5 dxc5 45. bxc5 Rxc5 46. Bf3 g4 47. Be4
g3 48. d6 Rc8 49. Rd1 Rd8 50. d7 h5 51. Bf5 Kg7 52. Kg1 Be3+ 53. Kf1 Qf4+ 54.
Ke2 Bf2 55. Nf1 Qxf5 56. Nxg3 Bxg3 57. Rxg3+ Kf6 58. Rf1 Qxf1+ 59. Kxf1 Rxd7 60.
Rh3 Kg5 61. Ke2 Kg4 62. Rh1 h4 63. Rg1+ Kh5 64. Rg8 Rh7 65. Kf3 Rf7+ 66. Kg2 e4
67. Re8 Rf4 68. Re5+ Kg4 69. Re8 h3+ 70. Kg1 Kf3 71. Rh8 e3 72. Rxh3+ Ke2 73.
Kg2 Rg4+ 74. Kh2 Kf2 75. Rh8 Rf4 76. Rf8 e2 77. Rxf4+ Ke3 78. Rf8 e1=Q 79. Re8+
Kf2 80. Rxe1 Kxe1 1/2-1/2

[Event "Chess24 Banter Blitz Cup"]
[Site "chess24.com INT"]
[Date "2019.10.07"]
[Round "1.11"]
[White "Cori, Jorge"]
[Black "Aagaard, Jacob"]
[Result "1-0"]
[WhiteTitle "GM"]
[BlackTitle "GM"]
[WhiteElo "2671"]
[BlackElo "2473"]
[WhiteFideId "3802272"]
[BlackFideId "1401815"]
[EventDate "2019.09.25"]
[EventType "blitz"]

1. Nf3 d6 2. d4 Nf6 3. Bf4 g6 4. c3 Bg7 5. Nbd2 O-O 6. h3 Nc6 7. e3 Qe8 8. Bh2
e5 9. dxe5 dxe5 10. Be2 a6 11. O-O Qe7 12. a4 Rd8 13. Qc2 Bf5 14. e4 Bd7 15.
Rfd1 Nh5 16. Nc4 Nf4 17. Bxf4 exf4 18. Bf1 h6 19. Re1 Be6 20. e5 g5 21. Ncd2 Rd5
22. Bc4 Rd7 23. Bxe6 fxe6 24. Ne4 Rad8 25. b4 Rd5 26. Nc5 b6 27. Nxa6 Ra8 28. b5
Nxe5 29. Nxe5 Rxe5 30. Rxe5 Bxe5 31. Qe4 1-0

[Event "Chess24 Banter Blitz Cup"]
[Site "chess24.com INT"]
[Date "2019.10.07"]
[Round "1.12"]
[White "Aagaard, Jacob"]
[Black "Cori, Jorge"]
[Result "1-0"]
[WhiteTitle "GM"]
[BlackTitle "GM"]
[WhiteElo "2473"]
[BlackElo "2671"]
[WhiteFideId "1401815"]
[BlackFideId "3802272"]
[EventDate "2019.09.25"]
[EventType "blitz"]

1. e4 c5 2. Nf3 Nc6 3. d4 cxd4 4. Nxd4 e5 5. Nb5 d6 6. N1c3 a6 7. Na3 b5 8. Nd5
Nf6 9. Bg5 Be7 10. Bxf6 Bxf6 11. c3 O-O 12. Nc2 Rb8 13. g3 Be6 14. Bg2 Bg5 15.
O-O Kh8 16. Qd3 Ne7 17. Nce3 Bxe3 18. Nxe3 Qc7 19. Rfd1 Rfd8 20. h4 Kg8 21. h5
h6 22. Bf3 a5 23. Kg2 b4 24. cxb4 Rxb4 25. b3 a4 26. bxa4 Rxa4 27. a3 Qa7 28.
Rdc1 Qa6 29. Rc3 Qxd3 30. Rxd3 Nc6 31. Rb1 Nd4 32. Rb6 Rda8 33. Rxd6 Rxa3 34.
Rxa3 Rxa3 35. Rd8+ Kh7 36. Rb8 Rc3 37. Bg4 Bxg4 38. Nxg4 Rc5 39. Rb7 Kg8 40. Ne3
Ne6 41. Nd5 Ra5 42. Ne7+ Kh7 43. Nf5 Kg8 44. Nd6 Ng5 45. Rb8+ Kh7 46. Rb7 Kg8
47. Rb8+ Kh7 48. Rf8 Ra7 49. Re8 f6 50. Rb8 Rd7 51. Rb6 Nf7 52. Nf5 Ng5 53. f3
Rd2+ 54. Kf1 Rd7 55. Ke2 Kg8 56. Rb8+ Kf7 57. Rh8 Ne6 58. Rb8 Rc7 59. Rb6 Rd7
60. Ke3 Nd4 61. Nxd4 Rxd4 62. Rb7+ Kg8 63. f4 Ra4 64. fxe5 fxe5 65. Kf3 Ra3+ 66.
Kg4 Ra6 67. Kf5 Rf6+ 68. Kxe5 Rf3 69. g4 Kf8 70. Rb2 Kf7 71. Rb7+ Kf8 72. Ke6
Rf6+ 73. Ke5 Rc6 74. Rb8+ Kf7 75. Rb5 Rc7 76. Rd5 Re7+ 77. Kf5 Ra7 78. e5 Rb7
79. g5 hxg5 80. Kxg5 1-0